000 00310nam a2200121 a 4500
005 20140414131920.0
008 101022s19uu xx 00 eng d
050 _aER
_bOu7 1997
100 _aHannaford, Priscilla
245 _aOur planet.
260 _aLeicestershire, UK :
_bLadybird,
_c1997.
999 _c111686
_d111686